Corruption in India: (Record no. 83590)
[ view plain ]
| 000 -LEADER | |
|---|---|
| fixed length control field | 00722nam a22002057a 4500 |
| 005 - DATE AND TIME OF LATEST TRANSACTION | |
| control field | 20140417120938.0 |
| 010 ## - LCCN (DPL NO) | |
| LC control number | B-506692-696 |
| 020 ## - INTERNATIONAL STANDARD BOOK NUMBER | |
| International Standard Book Number | 9789322008062 |
| Terms of availability | 350.00 |
| 035 ## - SYSTEM CONTROL NUMBER | |
| System control number | B-506692-696 |
| 037 ## - SOURCE OF ACQUISITION | |
| Stock number | dpl |
| Source of stock number/acquisition | BSB/Ven |
| 082 ## - DEWEY DECIMAL CLASSIFICATION NUMBER | |
| Classification number | 364.168 |
| 100 ## - MAIN ENTRY--PERSONAL NAME | |
| Personal name | Debroy, Bibek |
| 245 ## - TITLE STATEMENT | |
| Title | Corruption in India: |
| Remainder of title | the DNA and the RNA/ |
| Statement of responsibility, etc | by Bibek Debroy & Laveesh Bhandari |
| 260 ## - PUBLICATION, DISTRIBUTION, ETC. (IMPRINT) | |
| Place of publication, distribution, etc | New Delhi |
| Name of publisher, distributor, etc | Konark Publishers |
| Date of publication, distribution, etc | 2012 |
| 270 ## - ADDRESS | |
| Address | 206, First Floor, Peacock Lane, Shahpur Jat |
| City | New Delhi |
| Postal code | 110049 |
| 300 ## - PHYSICAL DESCRIPTION | |
| Extent | 193p.: |
| Other physical details | ill. |
| Dimensions | 21cm(pbk) |
| 700 ## - ADDED ENTRY--PERSONAL NAME | |
| Dates associated with a name | Bhandari, Laveesh |
| 942 ## - ADDED ENTRY ELEMENTS (KOHA) | |
| Source of classification or shelving scheme | Dewey Decimal Classification |
| Item type | English Books |
| Classification part | 364.168 |
| Call number suffix | DEB |
| Withdrawn status | Lost status | Not for loan | Collection code | Home library | Current library | Date acquired | Source of acquisition | Cost, normal purchase price | Full call number | Barcode | Copy number | Cost, replacement price | Koha item type |
|---|---|---|---|---|---|---|---|---|---|---|---|---|---|
| Non-fiction | Janak Puri | Janak Puri | 17/04/2014 | BSB/886/09.03.2013/169/08.03.2013/22.03.2013 | 350.00 | 364.168 DEB | B-506694 | 1 | 350.00 | English Books | |||
| Written-off vide DLB M. No. 383 dt 16.05.19 | Non-fiction | Karol Bagh | Karol Bagh | 17/04/2014 | BSB/886/09.03.2013/169/08.03.2013/22.03.2013 | 350.00 | 364.168 DEB | B-506695 | 1 | 350.00 | English Books | ||
| Non-fiction | Kasturba Gandhi Marg | Kasturba Gandhi Marg | 17/04/2014 | BSB/886/09.03.2013/169/08.03.2013/22.03.2013 | 350.00 | 364.168 DEB | B-506693 | 1 | 350.00 | English Books | |||
| Non-fiction | Narela | Narela | 17/04/2014 | BSB/886/09.03.2013/169/08.03.2013/22.03.2013 | 350.00 | 364.168 DEB | B-506696 | 1 | 350.00 | English Books | |||
| Non-fiction | Patel Nagar | Patel Nagar | 17/04/2014 | BSB/886/09.03.2013/169/08.03.2013/22.03.2013 | 350.00 | 364.168 DEB | B-506692 | 1 | 350.00 | English Books |
